Arabic at your fingertips

Bibliographic Details
Main Authors: Ezzeldin, Adel (Author), Leng, Janet (Author)
Format: Book
Published: London : Routledge , 1988
Subjects:

MARC

LEADER 00000cam a2200000 7i4500
001 0000008391
005 20080401093000.0
008 021119n
020 |a 0415002354 
090 0 0 |a PJ6795   |b .A69 1988 
245 0 0 |a Arabic at your fingertips   |c compiled by Lexus with Adel Ezzeldin and Janet Leng 
260 2 |a London :   |b Routledge ,   |c 1988 
300 |a 120 p. ; ;   |c 20 cm. 
650 0 |a Arabic language   |x Dialects   |v Dictionaries   |x English 
650 0 |a Arabic language   |x Dialects   |z Egypt   |v Dictionaries   |x English 
650 0 |a Arabic language   |x Dialects   |z Egypt   |x Grammar 
650 0 |a English language   |v Dictionaries   |x Arabic 
700 0 |a Ezzeldin, Adel ,   |e author 
700 0 |a Leng, Janet ,   |e author 
999 |a 1000041471   |b Book   |c OPEN SHELF (30 DAYS)   |e Gong Badak Campus 
999 |a 1000041472   |b Book   |c OPEN SHELF (30 DAYS)   |e Gong Badak Campus